000 00565nam a2200181 i 4500
001 89170
003 ES-MaACL
005 20230906180107.0
007 t|
008 050105s1930 sp ||||1| spa d
100 1 _aLange, Otto.
_970027
245 1 0 _aQuímica industrial /
_cpor Otto Lange ; versión de José María Delorme y Juan Mercadal.
260 _aBarcelona :
_b[s.n.,
_c1930] (
_fImp. Clarassó)
300 _aXII, 904 p. ;
_c24 cm.
700 1 _aDelorme, José María.
_943571
700 1 _aMercadal, Juan.
_980411
852 _aES-MaACL
_jA-5165
_bR.18162
999 _c89170
_d89170